<?xml version="1.0" encoding="UTF-8"?>
<record
    xmlns:xsi="http://www.w3.org/2001/XMLSchema-instance"
    xsi:schemaLocation="http://www.loc.gov/MARC21/slim http://www.loc.gov/standards/marcxml/schema/MARC21slim.xsd"
    xmlns="http://www.loc.gov/MARC21/slim">

  <leader>02446nam a22002177a 4500</leader>
  <controlfield tag="005">20220221091730.0</controlfield>
  <controlfield tag="008">220216b           ||||| |||| 00| 0 eng d</controlfield>
  <datafield tag="020" ind1=" " ind2=" ">
    <subfield code="a">9789354893421</subfield>
  </datafield>
  <datafield tag="040" ind1=" " ind2=" ">
    <subfield code="c">AL</subfield>
  </datafield>
  <datafield tag="041" ind1=" " ind2=" ">
    <subfield code="a">English</subfield>
  </datafield>
  <datafield tag="082" ind1=" " ind2=" ">
    <subfield code="2">23</subfield>
    <subfield code="b">RUSL</subfield>
    <subfield code="a">915.49604</subfield>
  </datafield>
  <datafield tag="100" ind1=" " ind2=" ">
    <subfield code="a">Harley Rustad</subfield>
    <subfield code="9">21313</subfield>
  </datafield>
  <datafield tag="245" ind1=" " ind2=" ">
    <subfield code="a">Lost in the Valley of Death</subfield>
    <subfield code="b">A story of obsession and danger in the Himalayas</subfield>
  </datafield>
  <datafield tag="260" ind1=" " ind2=" ">
    <subfield code="a">Haryana</subfield>
    <subfield code="b">Harper Collins Publishers</subfield>
    <subfield code="c">2022</subfield>
  </datafield>
  <datafield tag="300" ind1=" " ind2=" ">
    <subfield code="a">286 p.</subfield>
    <subfield code="b">PB</subfield>
    <subfield code="c">23x15 cm.</subfield>
  </datafield>
  <datafield tag="365" ind1=" " ind2=" ">
    <subfield code="a">BLCR-000122</subfield>
    <subfield code="b">&#x20B9;399.20</subfield>
    <subfield code="c">&#x20B9;</subfield>
    <subfield code="d">&#x20B9;499.00</subfield>
    <subfield code="e">20%</subfield>
    <subfield code="f">15-02-2022</subfield>
  </datafield>
  <datafield tag="520" ind1=" " ind2=" ">
    <subfield code="a">A riveting work of narrative nonfiction centering on the unsolved disappearance of an American backpacker in India--one of at least two dozen tourists who have met a similar fate in the remote and storied Parvati Valley. For centuries, India has enthralled Westerners looking for an exotic getaway, a brief immersion in yoga and meditation, or, in rare cases, a true pilgrimage to find spiritual revelation. Justin Alexander Shetler, an inveterate traveler trained in wilderness survival, was one such seeker. In his early thirties, Justin quit his job at a tech startup and set out on a global journey-across the United States by motorcycle, then down to South America, and on to the Philippines, Thailand, and Nepal--in search of authentic experiences and meaningful encounters while documenting his travels on Instagram. His enigmatic character and magnetic personality gained him a devoted following who lived vicariously through his adventures. But the ever-restless explorer was driven to seek out ever-greater extremes, and greater risks, in what had become a personal quest--his own hero's journey. In 2016, he made his way to the Parvati Valley, a remote and rugged corner of the Indian Himalayas steeped in mystical tradition and shrouded in darkness and danger. There he spent weeks studying under the guidance of a sadhu, living and meditating in a cave. At the end of August, accompanied by the sadhu, he set off on a spiritual journey to a holy lake--one from which he would never return. Lost in the Valley of Death is about Justin's search to find himself, in a country where, for many Westerners, the path to spiritual enlightenment can prove fraught, even treacherous. But it is also a story about all of us and the ways, sometimes extreme, we seek fulfillment in life.</subfield>
  </datafield>
  <datafield tag="650" ind1=" " ind2=" ">
    <subfield code="a">Biography</subfield>
    <subfield code="9">20271</subfield>
  </datafield>
  <datafield tag="700" ind1=" " ind2=" ">
    <subfield code="a">RUSTAD (Harley)</subfield>
    <subfield code="9">20272</subfield>
  </datafield>
  <datafield tag="942" ind1=" " ind2=" ">
    <subfield code="2">ddc</subfield>
    <subfield code="c">BK</subfield>
  </datafield>
  <datafield tag="999" ind1=" " ind2=" ">
    <subfield code="c">221523</subfield>
    <subfield code="d">221523</subfield>
  </datafield>
  <datafield tag="952" ind1=" " ind2=" ">
    <subfield code="0">0</subfield>
    <subfield code="1">0</subfield>
    <subfield code="2">ddc</subfield>
    <subfield code="4">0</subfield>
    <subfield code="7">0</subfield>
    <subfield code="8">OTH</subfield>
    <subfield code="a">AL</subfield>
    <subfield code="b">AL</subfield>
    <subfield code="d">2022-02-16</subfield>
    <subfield code="e">NavaKarnataka Publications Pvt.Ltd</subfield>
    <subfield code="g">399.20</subfield>
    <subfield code="l">0</subfield>
    <subfield code="o">915.49604 RUSL</subfield>
    <subfield code="p">075458</subfield>
    <subfield code="r">2022-02-16 00:00:00</subfield>
    <subfield code="v">499.00</subfield>
    <subfield code="w">2022-02-16</subfield>
    <subfield code="y">BK</subfield>
  </datafield>
</record>
